| 000 | 00360nab a22001097u 4500 | ||
|---|---|---|---|
| 008 | 130520b1964 xxu||||| |||| 00| 0 fre d | ||
| 041 | _afre | ||
| 100 | 1 |
_aMasson, Jean-Claude _953081 |
|
| 245 | 0 | 0 |
_aVers une recontre du Bouddhisme et du christiaisme? _cJean-Claude Masson |
| 773 | 0 |
_tGregorianum _gV.45, nº2,1964,págs. 306-326 _x0017-4114 _wRev219 |
|
| 942 | _cAR | ||
| 999 |
_c315079 _d315079 |
||